000 00272nam a22000977a 4500
999 _c11660
_d11660
008 191120b ||||| |||| 00| 0 eng d
020 _a9789332421714
100 _aSharma
_97362
245 _aPanchtantra a Collection of 37 Moral Stories
260 _aNew Delhi
_bPaper Clip
_c2019